000 00480cam a2200181ua 4500
001 5370
008 120901n xxk |||gr||||Z||||||eng
020 _a978-0-145-25402-1
040 _cMAIN
082 _a809
100 _aRichards, I. A.,
_eAuthor.,
245 1 0 _aPrinciples of literary Criticism
_cby I. A. Richards
250 _a1st.
260 _alondon:
_bRoutledge classics,
_c2003.
300 _avi:283p:
_c18cm.
653 _aHistory, description & criticism
942 _cBK
999 _c4551
_d4551